Diversidad y convergencia : estrategias de financiamiento, gestión y reforma de la educación superior / (Record no. 161443)

MARC details
000 -LEADER
fixed length control field 00815nam a22002057a 4500
005 - DATE AND TIME OF LATEST TRANSACTION
control field 20220331111058.0
008 - FIXED-LENGTH DATA ELEMENTS--GENERAL INFORMATION
fixed length control field 220331b mx ||||| |||| 00| 0 spa d
020 ## - INTERNATIONAL STANDARD BOOK NUMBER
International Standard Book Number 9683683800
050 04 - LIBRARY OF CONGRESS CALL NUMBER
Classification number LA428.7
Item number D58 2000
245 ## - TITLE STATEMENT
Title Diversidad y convergencia : estrategias de financiamiento, gestión y reforma de la educación superior /
Statement of responsibility, etc Raúl Domínguez Martínez, Romualdo López Zárate... (et al).
250 ## - EDITION STATEMENT
Edition statement 1a edición
260 ## - PUBLICATION, DISTRIBUTION, ETC. (IMPRINT)
Place of publication, distribution, etc México, D.F. :
Name of publisher, distributor, etc Universidad Nacional Autónoma de México,
Date of publication, distribution, etc 2000.
300 ## - PHYSICAL DESCRIPTION
Extent 212 p. ;
Dimensions 21 cm.
440 ## - SERIES STATEMENT/ADDED ENTRY--TITLE
Title Pensamiento universitario ;
Number of part/section of a work No. 90.
650 ## - SUBJECT ADDED ENTRY--TOPICAL TERM
Topical term or geographic name as entry element Educación Superior
Geographic subdivision México.
650 ## - SUBJECT ADDED ENTRY--TOPICAL TERM
Topical term or geographic name as entry element Educación Superior
Geographic subdivision América Latina.
700 ## - ADDED ENTRY--PERSONAL NAME
Personal name Casanova Cardiel, Hugo
Relator term coaut.
700 ## - ADDED ENTRY--PERSONAL NAME
Personal name Díaz Barriga, Ángel
Relator term col.
942 ## - ADDED ENTRY ELEMENTS (KOHA)
Source of classification or shelving scheme Biblioteca del Cogreso de los Estados Unidos
Koha item type Libro
Holdings
Estado de pérdida Fuente de clasificación Estado del daño No para préstamo Ubicación permanente Ubicación actual Apartado o colección Fecha de adquisición Edición Área del conocimiento Total Checkouts Clasificación Código de Barras Date last seen Número de copia Costo por reposición Tipo de recurso
  Biblioteca del Cogreso de los Estados Unidos   Consulta Biblioteca de la Facultad de Filosofía Biblioteca de la Facultad de Filosofía Fondo "Luis Villoro" 31/03/2022 1a ed. Educación y Humanidades   LA428.7 D58 2000 BFF000036669 31/03/2022 C.1 1.00 Libro